000 00328nam a2200133Ia 4500
005 20251222142012.0
008 251222s9999||||xx |||||||||||||| ||spa||
020 _a84-7490-395-5
082 _a709.015/P42
100 _aPeña, Ignacio
245 0 _aEl Arte Cristiano de la Siria Bizantina
264 _bEncuentro
942 _cLIB
999 _c10351
_d10351